Agua para elefantes / (Registro nro. 10620)

Detalles MARC
000 -LIDER
fixed length control field 00831nam a22002777a 4500
001 - NÚMERO DE CONTROL
Identificador de número de control 000330
003 - IDENTIFICACDOR DE NÚMERO DE CONTROL
control field DO-SdBNP
005 - DATE AND TIME OF LATEST TRANSACTION
control field 20171212120910.0
007 - CAMPOS FIJOS DE DESCRIPCIÓN FÍSICA
fixed length control field 000330
008 - ELEMENTOS DE LONGITUD FIJA
fixed length control field 160628b 2011 mx ||||| |||| 00| 0 spa d
020 ## - ISBN
International Standard Book Number 9786071111166
040 ## - FUENTE DE CATALOGACIÓN
Agencia que crea de manera original el registro BPMSU
Idioma de catalogación spa
Agencia que realiza la transcripción BPMSU
082 #4 - NÚMERO DE CLASIFICACIÓN DECIMAL DE DEWEY
Classification number 813
Item number G886a
100 1# - ASIENTO PRINCIPAL -- NOMBRE PERSONAL
Nombre personal Gruen, Sara
240 10 - TITULO UNIFORME
Título uniforme Water for elephants.
Idioma de una obra Español
245 10 - MENCIÓN DE TITULO
Título Agua para elefantes /
Mención de responsabilidad Sara Gruen ; traducción de Manu Berástegui
260 ## - PUBLICACIÓN, DISTRIBUCIÓN, ETC. (PIE DE IMPRENTA)
Lugar de publicación, distribución, etc México, D. F. :
Nombre del editor, distribuidor, etc. Punto de Lectura,
Fecha de publicación, distribución, etc 2011.
300 ## - DESCRIPCIÓN FÍSICA
Extensión 534 p.
Dimensiones 19 cm.
650 #4 - ENCABEZAMIENTO DE MATERIA--TEMÁTICO
Término temático o nombre geográfico como elemento de entrada NOVELA ESTADOUNIDENSE
650 #4 - ENCABEZAMIENTO DE MATERIA--TEMÁTICO
Término temático o nombre geográfico como elemento de entrada LITERATURA ESTADOUNIDENSE
700 12 - ASIENTO SECUNDARIO -- NOMBRE PERSONAL
Nombre personal Berástegui, Manu
Mención de responsabilidad trad.
910 ## - VALIDACIÓN
Validación Validado. Control de calidad MFF
942 ## - ADDED ENTRY ELEMENTS (KOHA)
Source of classification or shelving scheme Dewey Decimal Classification
Koha item type Libros
945 ## - INFORMACIÓN DE PROCESAMIENTO LOCAL
Información de procesamiento local Inventariado, 2017/MFF
956 ## - LOCAL ELECTRONIC LOCATION AND ACCESS (OCLC)
Método de acceso LOPEREZ
Materiales especificados 10
Enlace 20160628
Campo enlazado y núm. de secuencia BPMSU
Nombre de host 00041
Existencias
Withdrawn status Lost status Source of classification or shelving scheme Damaged status Not for loan Collection code Home library Current library Date acquired Source of acquisition Total Checkouts Full call number Barcode Date last seen Price effective from Koha item type Copy number
    Dewey Decimal Classification     Colección General Biblioteca Pública Metropolitana Salomé Ureña Biblioteca Pública Metropolitana Salomé Ureña 06/28/2016 Alfaguara   813 G886a BPMSU16060672 06/28/2016 06/28/2016 Libros  
    Dewey Decimal Classification     Colección General Biblioteca Pública Metropolitana Salomé Ureña Biblioteca Pública Metropolitana Salomé Ureña 12/13/2017 Alfaguara   813 G886a BPMSU17120027 12/13/2017 12/13/2017 Libros ej. 2
    Dewey Decimal Classification     Colección General Biblioteca Pública Metropolitana Salomé Ureña Biblioteca Pública Metropolitana Salomé Ureña 12/13/2017 Alfaguara   813 G886a BPMSU17120028 12/13/2017 12/13/2017 Libros ej. 3